01283nam a2200337 i 4500001001000000003000900010005001700019007000300036008004100039020001800080040003000098082002500128100002000153245017300173246005000346264010100396300005600497336002700553337003300580338002800613500001300641600002000654650001700674650003400691650003900725700003600764700003500800700004200835700003200877700003600909000047751DO-SdBNP20240912110735.0ta180716s2011 dr ao 000 0 spa d a9789945866698 aDO-SdBNPbspacBNPHUerda a709.97293bB174a222 aBalcácer, Ada10aAlas y raíces :bAda Balcácer /cAda Balcácer ; traducción Joselyn Caminero, Dolores Vicioso ; textos Rafael Emilio Yunén, Edward J. Sullivan, Myrna Guerrero. aCatalogo: alas y raíces :bAda Balcácer / 1aSantiago de los Caballeros, República Dominicana :bFundación Eduardo León Jimenes,c2011. a180 páginasbilustraciones, fotografíasc32 cm. 2rdacontentatextobtxt 2rdamediaasin mediaciónbn 2rdacarrieravolumenbnc aCatalogo 0aBalcácer, Ada 4aExposiciones 4aArte dominicanovExposiciones 4aArtistas dominicanosvExposiciones1 aCaminero, Joselynetraducción1 aVicioso, Doloresetraducción1 aYunén, Rafael Emiliod1952-etextos1 aSullivan, Edward J.etextos1 aGuerrero, Myrna,d1951-etextos